00817nam a2200253Ia 4500003000400000005001700004008004100021020001800062040000700080041000800087082002300095100002300118245005900141250001300200260004300213300001200256365001300268650002100281650002600302906005800328942001200386999001900398952014600417OSt20240725120924.0210423s2009 xx 000 0 und d a9788122431209 cAL aeng a338.954223b AGRI aAgrawal A N988605 aIndian economyb: problems of development and planning a35th ed. aNew DelhibNew Age Internationalc2009 axiv,757 b290cINR aEconomics988606 aIndian Economy988607 adevelopment ; economy: ; Indian ; planning ; problems 2ddccBK c157514d157514 00102ddc40708ECOaSACPGbSACPGd2009-11-16eHigginbothams Pvt Ltdg290.00l0o338.954 AGRIpPG003990r2022-08-24 00:00:00w2021-04-26yBK